Top 5 Songs On Revival (Eminem) - Statistics

General Stats
  • This quiz has been taken 19 times
  • The average score is 4 of 5
Answer Stats
Hint Answer % Correct
750,589,285 River
100%
169,086,131 Walk On Water
88%
76,969,538 Remind Me
65%
99,427,775 Believe
59%
76,901,263 In Your Head
47%
No matching quizzes found
Score Distribution
Percent of People with Each Score
Percentile by Number Answered
Your Score History
You have not taken this quiz